| 000 | 01137nam0a22002771 4500 | ||
|---|---|---|---|
| 001 | rc\4285471 | ||
| 005 | 20130416122825.7 | ||
| 021 |
_aRU _b(61-19150) |
||
| 021 |
_aRU _bРг4499 |
||
| 035 | _a(NLR Aleph) 008249126 | ||
| 090 |
_a8324571 _c8324571 |
||
| 100 | _a20130416d1961 |||y0rusy50 ca | ||
| 101 | 0 | _arus | |
| 102 | _aRU | ||
| 105 | _aa z ||||| | ||
| 200 | 1 |
_aАвтоматические вододействующие затворы _eТезисы доклада к Съезду специалистов сел. хоз-ва Кирг. ССР _fМ-во с.-х. Кирг. ССР |
|
| 210 |
_aФрунзе _cБ. и. _d1961 |
||
| 215 |
_a6 с., 1 л. схем. _d20 |
||
| 300 | _aПеред загл. авт.: К.Ф. Артамонов, канд. техн. наук | ||
| 700 | 1 |
_aАртамонов _bК. Ф. _f1910-1986 _gКонстантин Филиппович |
|
| 712 | 1 | 2 |
_aСъезд специалистов сельского хозяйства КиргССР _f1961 _eФрунзе _3RU\NLR\AUTH\8810215737 |
| 801 | 0 |
_aRU _bNLR _gpsbo |
|
| 801 | 1 |
_aRU _bELAR _2rusmarc |
|
| 852 |
_aNLR _j61-4/5318 |
||
| 942 | _cBOOK | ||
| 980 | _aNB | ||